Pragmatics

Αποθηκεύτηκε σε:
Λεπτομέρειες βιβλιογραφικής εγγραφής
Κύριος συγγραφέας: Levinson, Stephen C.
Μορφή: Βιβλίο
Γλώσσα:English
Δημοσίευση: Cambridge : Cambridge University Press, 1994
Ετικέτες: Προσθήκη ετικέτας
Δεν υπάρχουν, Καταχωρήστε ετικέτα πρώτοι!

MARC

LEADER 00000nam a2200000 i 4500
001 1/3409
008 960322s1994 eng d
020 |a 0-521-29414-2 
035 |l 10015209 
040 |a GR-MY-UA  |b gre  |e aacr 
041 0 |a eng 
100 1 |a Levinson, Stephen C. 
245 1 0 |a Pragmatics /  |c Stephen C. Levinson 
260 |a Cambridge :   |b Cambridge University Press,   |c 1994 
300 |a 418 p. 
504 |a Includes bibliographical references nad index 
852 |a INST  |b LESVOS  |e 19960322  |h 401 LEV  |p 005100006885  |q 005100006885  |t BK  |y 0 
909 |a Λ  |b 043951